00531nam a2200169Ia 4500003000900000008004100009020001800050040001600068080001900084245011400103250001200217260004300229300001500272650003100287700001900318700002400337IN-BaIIA211028s9999 xx 000 0 eng d a0-85226-605-7 cIIA Library a621.337.1bNAG 0aControl system engineeringcedited by I. J. Nagarth and M. Gopal  a2nd ed. aNew DelhibNew Age Internationalc1997 axii, 725p. aControl system engineering aGopal, M., ed. aNagarth, I. J., ed.